Trade Costs of Pakistan with Major Trading Partners: (Record no. 534317)

000 -LEADER
fixed length control field 00565nam a22001697a 4500
020 ## - INTERNATIONAL STANDARD BOOK NUMBER
Qualifying information Hard Cover.
082 ## - DEWEY DECIMAL CLASSIFICATION NUMBER
Classification number 330
100 ## - MAIN ENTRY--PERSONAL NAME
Personal name Altaf, Saba
245 ## - TITLE STATEMENT
Title Trade Costs of Pakistan with Major Trading Partners:
Remainder of title Measurement and Determinants /
Statement of responsibility, etc. Saba Altaf.
260 ## - PUBLICATION, DISTRIBUTION, ETC.
Place of publication, distribution, etc. Islamabad:
Name of publisher, distributor, etc. S3H - NUST,
Date of publication, distribution, etc. 2015.
300 ## - PHYSICAL DESCRIPTION
Extent 63 p. :
Other physical details ill. ;
Dimensions 30cm.
650 ## - SUBJECT ADDED ENTRY--TOPICAL TERM
Topical term or geographic name entry element ECO MS-Thesis.
700 ## - ADDED ENTRY--PERSONAL NAME
Personal name Dr. Zafar Mahmood
856 ## - Uniform Resource Identifier
Uniform Resource Identifier <a href="http://10.250.8.41:8080/xmlui/handle/123456789/6836">http://10.250.8.41:8080/xmlui/handle/123456789/6836</a>
942 ## - ADDED ENTRY ELEMENTS (KOHA)
Source of classification or shelving scheme
Koha item type Thesis
650 ## - SUBJECT ADDED ENTRY--TOPICAL TERM
-- 28462
700 ## - ADDED ENTRY--PERSONAL NAME
-- 28463
Holdings
Withdrawn status Lost status Source of classification or shelving scheme Damaged status Not for loan Permanent Location Current Location Shelving location Date acquired Full call number Barcode Date last seen Price effective from Non-public note Koha item type
          Central Library (CL) Central Library (CL) Thesis 02/13/2020 330 CL-T-5082 02/13/2020 02/13/2020 Minute Sheet No. 0929/02/CL/Survey/5 dated 23rd April 2024 E-MIN ID 114741 Thesis
© 2023 Central Library, National University of Sciences and Technology. All Rights Reserved.